Southville International School and Colleges
Your cart is empty.
  • Cart
  • Lists
    Public lists Eva Luna New books Lux_list list_1
    Your lists Log in to create your own lists
  • Log in to your account
  • Your cookies
  • Search history
Southville International School and Colleges
  • Advanced search
  • Recent comments
  • Most popular
  • Libraries

Log in to your account

Log in with GOOGLE


If you do not have an external account, but do have a local account, you can still log in:

  1. Home
  2. MARC view: Take the IQ challenge /
Normal view MARC view ISBD view

Take the IQ challenge / (Record no. 8472)

[ view plain ]
MARC details
000 -LEADER
fixed length control field 00498nam a22001817a 4500
003 - CONTROL NUMBER IDENTIFIER
control field OSt
005 - DATE AND TIME OF LATEST TRANSACTION
control field 20140310182026.0
008 - FIXED-LENGTH DATA ELEMENTS--GENERAL INFORMATION
fixed length control field 130813t xxu||||| |||| 00| 0 eng d
020 ## - INTERNATIONAL STANDARD BOOK NUMBER
International Standard Book Number 8172451040
050 ## - LIBRARY OF CONGRESS CALL NUMBER
Classification number GV 1493
Item number .P554 1997
082 ## - DEWEY DECIMAL CLASSIFICATION NUMBER
Classification number HS 153.93
Item number P53 1997
100 ## - MAIN ENTRY--PERSONAL NAME
Personal name Philips, Sam
9 (RLIN) 9816
245 ## - TITLE STATEMENT
Title Take the IQ challenge /
Statement of responsibility, etc Sam Philips.
260 ## - PUBLICATION, DISTRIBUTION, ETC. (IMPRINT)
Place of publication, distribution, etc New Delhi :
Name of publisher, distributor, etc Goodwill Publishing,
Date of publication, distribution, etc c1997.
300 ## - PHYSICAL DESCRIPTION
Extent 124 p. :
Other physical details ill. ;
Dimensions 21 cm.
942 ## - ADDED ENTRY ELEMENTS (KOHA)
Source of classification or shelving scheme Library of Congress Classification
Koha item type
Call number prefix
Holdings
Withdrawn status Lost status Source of classification or shelving scheme Damaged status Home library Current library Shelving location Date acquired Total Checkouts Total Renewals Full call number Barcode Date last seen Date checked out Copy number Price effective from Koha item type
    Library of Congress Classification   Luxembourg Library Luxembourg Library High School Section 08/13/2013 3 7 GV 1493 .P554 1997 7279 03/29/2019 03/13/2019 1 08/13/2013 Books

Take the IQ challenge /

APA

Philips S., . (1997). Take the IQ challenge. New Delhi: Goodwill Publishing.

Chicago

Philips Sam, . 1997. Take the IQ challenge. New Delhi: Goodwill Publishing.

Harvard

Philips S., . (1997). Take the IQ challenge. New Delhi: Goodwill Publishing.

MLA

Philips Sam, . Take the IQ challenge. New Delhi: Goodwill Publishing. 1997.

  • Place hold
  • Print
  • Cite
  • Add to your cart (remove)
  • Save record
    BIBTEX Dublin Core MARCXML MARC (non-Unicode/MARC-8) MARC (Unicode/UTF-8) MARC (Unicode/UTF-8, Standard) MODS (XML) RIS
  • More searches
    Search for this title in:
    Other Libraries (WorldCat) Other Databases (Google Scholar) Online Stores (Bookfinder.com) Open Library (openlibrary.org)

Exporting to Dublin Core...

SOUTHVILLE LIBRARY

Southville International School and Colleges Library

1281 Tropical Ave. Cor. Luxembourg St., BF Homes International, Las Pinas City

Tel. No. 8256374 / 252358 Loc. 117/146

Powered by Koha